| 000 | 01109nam a2200217 a 4500 | ||
|---|---|---|---|
| 001 | 000115106 | ||
| 003 | AM-YEHGA | ||
| 005 | 20250617122448.0 | ||
| 008 | 030329s1984 ru |||||||||||||||||rus d | ||
| 040 | _aAM-YeHGA | ||
| 041 | 0 | _arus | |
| 245 | 0 | 0 |
_aМатематические методы анализа цикличности в геологии : _b(Материалы конференции 17-18 мая 1982 г.) / _cМосковское общ. испытателей природы. Межсекционный семинар по применению математики в геологии ; Редкол.: С.Л. Афанасьев (отв. ред.) и др. |
| 260 |
_aМосква : _bНаука, _c1984. |
||
| 300 | _a180 с. | ||
| 550 | _aМоск. о-во испытателей природы | ||
| 650 | 1 | 4 | _aГеология |
| 700 | 1 |
_aАфанасьев, С.Л. _eред. _4edt |
|
| 711 | 2 |
_a"Математические методы анализа цикличности в геологии" конференция _d(17-18 мая 1982 г.) |
|
| 942 |
_2udc _cBK |
||
| 090 | _c38341 | ||
| 999 |
_c37772 _d37772 |
||